[Event "RUS-ch Blitz"]
[Site "Sochi"]
[Date "2021.10.11"]
[Round "1"]
[White "Artemiev, Vladislav"]
[Black "Potapenko, Denis Petrovich"]
[Result "1-0"]
[WhiteElo "2699"]
[BlackElo "2150"]
[PlyCount "39"]
[EventDate "2021.10.11"]
[EventType "swiss (blitz)"]
[EventRounds "13"]
[EventCountry "RUS"]
[SourceTitle "CBM 204 Extra"]
[Source "ChessBase"]
[SourceDate "2021.11.30"]
[SourceVersion "1"]
[SourceVersionDate "2021.11.30"]
[SourceQuality "1"]

1. d4 Nf6 2. Nf3 g6 3. Bg5 d5 4. Nbd2 Bg7 5. e3 0-0 6. Be2 b6 7. 0-0 Bb7 8. c3 Nbd7 9. h3 Re8 10. Bf4 Nh5 11. Bh2 f5 12. Ne5 Nhf6 13. Ndf3 Ne4 14. Bb5 Nef6 15. Nxd7 Nxd7 16. Qa4 Bc8 17. Bc6 Rb8 18. Qxa7 e5 19. dxe5 Re6 20. Bxd5 1-0

[Event "RUS-ch blitz"]
[Site "Sochi"]
[Date "2018.10.07"]
[Round "1.24"]
[White "Rozum, Ivan"]
[Black "Potapenko, Denis Petrovich"]
[Result "1-0"]
[WhiteElo "2573"]
[BlackElo "2158"]
[PlyCount "59"]
[EventDate "2018.10.07"]
[EventType "swiss (blitz)"]
[EventRounds "20"]
[EventCountry "RUS"]
[SourceTitle "CBM 186 Extra"]
[Source "ChessBase"]
[SourceDate "2018.08.24"]
[SourceVersion "1"]
[SourceVersionDate "2018.08.24"]
[SourceQuality "1"]

1. e4 d5 2. exd5 Qxd5 3. Nc3 Qa5 4. d4 Nf6 5. Nf3 c6 6. Bc4 Bf5 7. Bd2 e6 8. Nd5 Qd8 9. Nxf6+ gxf6 10. Be3 Rg8 11. g3 Nd7 12. Bd3 Bxd3 13. Qxd3 f5 14. 0-0-0 Nf6 15. c4 Qa5 16. Kb1 0-0-0 17. Qe2 Ng4 18. Bf4 Bg7 19. h3 Nf6 20. Ne5 Rgf8 21. g4 Ne4 22. gxf5 exf5 23. Qh5 Nd6 24. c5 Bxe5 25. dxe5 Nc4 26. Qxf5+ Kb8 27. e6+ Ka8 28. e7 Rxd1+ 29. Rxd1 Re8 30. Qd7 1-0

[Event "Dvorkovich Memorial rapid op"]
[Site "Taganrog"]
[Date "2018.01.13"]
[Round "4"]
[White "Potapenko, Denis Petrovich"]
[Black "Savitskiy, Sergey"]
[Result "1-0"]
[WhiteElo "2158"]
[BlackElo "2415"]
[PlyCount "37"]
[EventDate "2018.01.13"]
[EventType "swiss (rapid)"]
[EventRounds "11"]
[EventCountry "RUS"]
[SourceTitle "CBM 182 Extra"]
[Source "ChessBase"]
[SourceDate "2018.02.23"]
[SourceVersion "1"]
[SourceVersionDate "2018.02.23"]
[SourceQuality "1"]

1. d4 Nf6 2. Nc3 d5 3. Bg5 Nbd7 4. Nf3 c5 5. e3 e6 6. Be2 Be7 7. 0-0 0-0 8. Ne5 Nxe5 9. dxe5 Nd7 10. Bxe7 Qxe7 11. f4 a6 12. a4 b6 13. Rf3 f6 14. Nxd5 Qd8 15. Rh3 fxe5 16. Bd3 h6 17. Rxh6 e4 18. Bxe4 exd5 19. Qh5 1-0

[Event "RUS-ch blitz"]
[Site "Sochi"]
[Date "2017.10.02"]
[Round "2"]
[White "Potapenko, Denis Petrovich"]
[Black "Timofeev, Artyom"]
[Result "0-1"]
[WhiteElo "2189"]
[BlackElo "2549"]
[PlyCount "57"]
[EventDate "2017.10.02"]
[EventType "swiss (blitz)"]
[EventRounds "20"]
[EventCountry "RUS"]
[SourceTitle "EXT 2018"]
[Source "ChessBase"]
[SourceDate "2017.10.13"]
[SourceVersion "1"]
[SourceVersionDate "2017.10.13"]
[SourceQuality "1"]

1. d4 d5 2. Nc3 Nf6 3. Bg5 Nbd7 4. Nf3 g6 5. e3 Bg7 6. Bd3 0-0 7. 0-0 c5 8. Re1 cxd4 9. exd4 a6 10. Ne5 e6 11. Qd2 Qb6 12. Ne2 Qxb2 13. a4 Qb6 14. Bh6 Bxh6 15. Qxh6 Nxe5 16. dxe5 Qxf2+ 17. Kh1 Ne4 18. Bxe4 dxe4 19. Ng3 f5 20. exf6 Qxf6 21. Nxe4 Qg7 22. Qg5 Bd7 23. Rf1 Bc6 24. Nf6+ Kh8 25. Ra3 Rf7 26. Rh3 Raf8 27. Qh4 Rxf6 28. Rxf6 Rxf6 29. Kg1 0-1

[Event "RUS-ch blitz"]
[Site "Sochi"]
[Date "2017.10.02"]
[Round "1"]
[White "Timofeev, Artyom"]
[Black "Potapenko, Denis Petrovich"]
[Result "1-0"]
[WhiteElo "2549"]
[BlackElo "2189"]
[PlyCount "55"]
[EventDate "2017.10.02"]
[EventType "swiss (blitz)"]
[EventRounds "20"]
[EventCountry "RUS"]
[SourceTitle "EXT 2018"]
[Source "ChessBase"]
[SourceDate "2017.10.13"]
[SourceVersion "1"]
[SourceVersionDate "2017.10.13"]
[SourceQuality "1"]

1. c4 Nf6 2. g3 g6 3. Bg2 d5 4. cxd5 Nxd5 5. d4 Bg7 6. e4 Nb6 7. Ne2 0-0 8. 0-0 Nc6 9. d5 Na5 10. Nbc3 c6 11. Bf4 cxd5 12. exd5 e5 13. dxe6 Bxe6 14. Qc1 Rc8 15. Bh6 Qe7 16. Bxg7 Kxg7 17. Nf4 Bc4 18. Re1 Qc5 19. Ne4 Qd4 20. Nh5+ gxh5 21. Qg5+ Kh8 22. Qxa5 Bd5 23. Rad1 Qe5 24. Nc3 Nc4 25. Rxe5 Nxa5 26. Nxd5 Nc4 27. Rxh5 Nxb2 28. Rb1 1-0

[Event "IECG C1.1999.0.00245"]
[Site "IECG email"]
[Date "1999.11.21"]
[Round "?"]
[White "Potapenko, Denis Petrovich"]
[Black "Batres Bianchi, Luis Carlos"]
[Result "0-1"]
[WhiteElo "1850"]
[BlackElo "2087"]
[PlyCount "38"]
[EventDate "1999.11.21"]
[EventType "tourn (corr)"]
[EventRounds "6"]
[SourceTitle "Corr 2008"]
[Source "ChessBase"]
[SourceDate "2008.06.24"]
[SourceVersion "1"]
[SourceVersionDate "2008.06.24"]
[SourceQuality "1"]

1. d4 d5 2. Nc3 Bf5 3. f3 e6 4. e4 dxe4 5. fxe4 Bg6 6. Nf3 Bb4 7. Bd3 Nf6 8. Bg5 h6 9. Bh4 Be7 10. e5 Nd5 11. Nxd5 Bxh4+ 12. Nxh4 Qxh4+ 13. g3 Qd8 14. Nf4 Bxd3 15. Qxd3 Nc6 16. 0-0-0 Qd7 17. Rhe1 0-0-0 18. Kb1 Qxd4 19. Qe4 Qxd1+ 0-1

[Event "IECG email"]
[Site "IECG email"]
[Date "1999.??.??"]
[Round "?"]
[White "Potapenko, Denis Petrovich"]
[Black "Hage, Henk H"]
[Result "0-1"]
[WhiteElo "2250"]
[BlackElo "2217"]
[PlyCount "50"]
[EventDate "1999.12.04"]
[EventType "tourn (corr)"]
[EventRounds "6"]
[SourceTitle "Corr 2004"]
[Source "ChessBase"]
[SourceDate "2003.04.28"]
[SourceVersion "3"]
[SourceVersionDate "2003.04.28"]
[SourceQuality "1"]

1. d4 Nf6 2. Nc3 d5 3. Bg5 Nbd7 4. Nf3 h6 5. Bh4 e6 6. e4 g5 7. Bg3 Nxe4 8. Nxe4 dxe4 9. Nd2 f5 10. h4 f4 11. Qh5+ Ke7 12. hxg5 fxg3 13. 0-0-0 Bg7 14. Nxe4 gxf2 15. d5 exd5 16. Rxd5 c6 17. Qg6 Qg8 18. Qd6+ Kd8 19. Nc5 Qxd5 20. Ne6+ Qxe6 21. Qxe6 Re8 22. Qg6 Be5 23. Be2 Bf4+ 24. Kd1 Bxg5 25. Rf1 Be3 0-1

[Event "IECG CM.1999.0.00070"]
[Site "IECG email"]
[Date "1999.??.??"]
[Round "?"]
[White "Potapenko, Denis Petrovich"]
[Black "Hildner, Karl Josef"]
[Result "0-1"]
[WhiteElo "2250"]
[BlackElo "2185"]
[PlyCount "58"]
[EventDate "1999.02.19"]
[EventType "tourn (corr)"]
[EventRounds "6"]
[SourceTitle "Corr 2008"]
[Source "ChessBase"]
[SourceDate "2008.06.24"]
[SourceVersion "1"]
[SourceVersionDate "2008.06.24"]
[SourceQuality "1"]

1. e4 Nf6 2. Nc3 g6 3. d4 d6 4. Be3 a6 5. Qd2 b5 6. f3 Bb7 7. g4 h5 8. g5 Nfd7 9. Bg2 Bg7 10. f4 c5 11. e5 Bxg2 12. Qxg2 Ra7 13. 0-0-0 b4 14. Ne4 dxe5 15. dxe5 Qa5 16. Kb1 0-0 17. Ne2 Rc8 18. Nc1 Rac7 19. c4 bxc3 20. Nxc3 Nb6 21. Qe4 c4 22. Nd5 Nxd5 23. Rxd5 Qb4 24. Nd3 Qa4 25. Nc5 Qe8 26. e6 c3 27. bxc3 Bxc3 28. f5 Qb5+ 29. Nb3 Qe2 0-1

[Event "IECG email"]
[Site "IECG email"]
[Date "1999.??.??"]
[Round "?"]
[White "Schiller, Wilfried"]
[Black "Potapenko, Denis Petrovich"]
[Result "1-0"]
[WhiteElo "2247"]
[BlackElo "2250"]
[PlyCount "39"]
[EventDate "1999.12.04"]
[EventType "tourn (corr)"]
[EventRounds "6"]
[SourceTitle "Corr 2004"]
[Source "ChessBase"]
[SourceDate "2003.04.28"]
[SourceVersion "3"]
[SourceVersionDate "2003.04.28"]
[SourceQuality "1"]

1. e4 d5 2. exd5 Qxd5 3. Nc3 Qa5 4. Nf3 Nf6 5. h3 c6 6. d4 Bf5 7. Bc4 e6 8. 0-0 h6 9. a3 Nbd7 10. Bf4 Be7 11. Re1 0-0 12. Qd2 Kh8 13. Bb3 b5 14. Ne5 Nxe5 15. Bxe5 Qb6 16. Qf4 Rfd8 17. d5 cxd5 18. Nxd5 exd5 19. Qxf5 Rac8 20. Rad1 1-0